| 000 | 00536nam a2200157 a 4500 | ||
|---|---|---|---|
| 001 | 000027869 | ||
| 005 | 20250423140401.0 | ||
| 008 | 110405s1990 000 spa d | ||
| 040 |
_aDO-SdBNP _bspa _cBNPHU |
||
| 111 | 1 |
_aCongreso médico del Distrito Nacional _d(5: _cSanto Domingo _n1990: 19-22 de septiembre _954943 |
|
| 245 | 1 | 0 | _aMemorias V congreso médico del Distrito Nacional /. |
| 260 |
_aSanto Domingo : _bEdiciones AMD, _c1990. |
||
| 300 |
_a74 p. ; _c22 cm. |
||
| 710 | 2 |
_aAsociación Médica Dominicana _916565 |
|
| 049 | _aBNPD | ||
| 999 |
_c27361 _d27361 |
||